=LDR 00000nam 2200000 4500 =001 INLIS000000000040074 =005 20130612145647 =008 ***********************************Ind** =035 ##$$0010-061300000040074 =041 ##$$a Ind =082 ##$$a 2x7.341 =090 ##$$a 2x7.341, Suk n =100 ##$$a Sukarojo, Chichi =245 ##$$a Nutriisi al-quran untuk buah hati, Chichi Sukardjo =260 ##$$a 2010 $b Jakarta =300 ##$$a 123 hlm, ilus, 19 cm =650 ##$$a Pendidikan anak =850 ##$$a NBPNMAT